| 000 | 00414nam a22001697a 4500 | ||
|---|---|---|---|
| 005 | 20160625143117.0 | ||
| 008 | 160625b xxu||||| |||| 00| 0 eng d | ||
| 020 | _a81-229-0005-4 | ||
| 041 | _aeng | ||
| 082 | _b10229 | ||
| 100 |
_aStein, M.L. and Paterno Suran F _92789 |
||
| 245 | _aThe News Writer's Handbook | ||
| 260 |
_bSurjeet _c2003 |
||
| 300 | _a283 | ||
| 650 |
_aMass Communication _92660 |
||
| 942 | _cBK | ||
| 999 |
_c4033 _d4032 |
||